[Event "Russian Championship B17 2016"]
[Site "Loo"]
[Date "2016.04.26"]
[Round "7.13"]
[White "Komov, Roman"]
[Black "Zaichikov, Andrey"]
[Result "0-1"]
[WhiteElo "2258"]
[BlackElo "2013"]
[PlyCount "100"]
[EventDate "2016.04.20"]

1. d4 Nf6 2. Nf3 g6 3. c4 Bg7 4. Nc3 O-O 5. e4 d6 6. h3 e5 7. d5 Nbd7 8. Be3
Nc5 9. Nd2 a5 10. g4 Bd7 11. Be2 Ne8 12. g5 f5 13. gxf6 Qxf6 14. Qc2 c6 15.
O-O-O Nc7 16. Nf3 cxd5 17. exd5 Bf5 18. Qd2 Ne4 19. Nxe4 Bxe4 20. Ng5 Bxh1 21.
Rxh1 e4 22. Nxe4 Qe5 23. Bd3 Rf3 24. Re1 Raf8 25. Nc3 Rxh3 26. Bf1 Rh2 27. Bb6
Qf5 28. Bd3 Qc8 29. Kb1 Na6 30. Ne4 Be5 31. Qxa5 Qh3 32. Bc2 Rh1 33. Qd2 Rxe1+
34. Qxe1 Nb4 35. a3 Nd3 36. Qe3 Qf1+ 37. Ka2 Nc1+ 38. Kb1 Nb3+ 39. Ka2 Qa1+ 40.
Kxb3 Qxb2+ 41. Ka4 Ra8+ 42. Ba5 b6 43. Qb3 Rxa5+ 44. Kb4 Qc1 45. a4 Qe1+ 46.
Ka3 Qa1+ 47. Kb4 Bd4 48. Qa3 Bc5+ 49. Nxc5 Qxa3+ 50. Kxa3 Rxc5 0-1

[Event "Russian Championship B17 2016"]
[Site "Loo"]
[Date "2016.04.26"]
[Round "7.14"]
[White "Sin, Denis"]
[Black "Saidov, Bilukhadzh"]
[Result "1/2-1/2"]
[WhiteElo "2298"]
[BlackElo "2027"]
[PlyCount "86"]
[EventDate "2016.04.20"]

1. d4 d5 2. c4 e6 3. Nc3 Nf6 4. Nf3 Nbd7 5. Bf4 c6 6. e3 Be7 7. Qc2 Nh5 8. Be5
Nxe5 9. dxe5 g6 10. Rd1 Qa5 11. Be2 Ng7 12. O-O O-O 13. a3 Qc7 14. cxd5 cxd5
15. Rc1 Qa5 16. Rfd1 Bd7 17. e4 dxe4 18. Rxd7 exf3 19. Bxf3 Bg5 20. Re1 Rad8
21. Rxb7 Bd2 22. Rd1 Bh6 23. Rxd8 Rxd8 24. Qe2 Bd2 25. Ne4 Nf5 26. Nxd2 Rxd2
27. Qb5 Qxb5 28. Rxb5 Nd4 29. Rb8+ Kg7 30. h3 Nxf3+ 31. gxf3 g5 32. Rb7 a6 33.
Rb6 a5 34. Rb5 Kg6 35. Rxa5 Rxb2 36. Kg2 Rb7 37. Ra4 Kf5 38. Re4 Rb1 39. h4 h6
40. hxg5 hxg5 41. a4 Ra1 42. Kg3 Ra3 43. Kg2 Ra1 1/2-1/2

[Event "Russian Championship B17 2016"]
[Site "Loo"]
[Date "2016.04.26"]
[Round "7.15"]
[White "Dubinin, Alexsandr"]
[Black "Ergeshov, Timur"]
[Result "0-1"]
[WhiteElo "2080"]
[BlackElo "2209"]
[PlyCount "76"]
[EventDate "2016.04.20"]

1. e4 c5 2. Nf3 d6 3. d4 cxd4 4. Nxd4 Nf6 5. Nc3 a6 6. h3 e5 7. Nde2 h5 8. Bg5
Be6 9. Bxf6 Qxf6 10. Nd5 Qd8 11. Nec3 g6 12. Bc4 Bh6 13. O-O O-O 14. Bb3 Nc6
15. Ne3 Rc8 16. Ncd5 Kh7 17. c3 Na5 18. Qd3 b5 19. Rad1 Qh4 20. Nb6 Rcd8 21.
Bxe6 fxe6 22. b4 Nc6 23. a4 Rf7 24. axb5 axb5 25. Qxb5 Rxf2 26. Nbc4 Rxf1+ 27.
Nxf1 Ne7 28. Nxd6 Rf8 29. Qe2 g5 30. c4 Ng6 31. Qe1 Qf4 32. c5 g4 33. hxg4 Qxg4
34. Nh2 Qg5 35. Rd3 Nf4 36. Rg3 Qxg3 37. Qxg3 Ne2+ 38. Kh1 Nxg3+ 0-1

[Event "Russian Championship B17 2016"]
[Site "Loo"]
[Date "2016.04.26"]
[Round "7.16"]
[White "Bezotechestvo, Konstantin"]
[Black "Trubchaninov, Timur"]
[Result "1/2-1/2"]
[WhiteElo "2064"]
[BlackElo "2194"]
[PlyCount "95"]
[EventDate "2016.04.20"]

1. d4 Nf6 2. Nf3 g6 3. g3 Bg7 4. Bg2 O-O 5. O-O d6 6. c4 Nbd7 7. Nc3 e5 8. e4
exd4 9. Nxd4 Re8 10. h3 a6 11. Re1 Rb8 12. b3 c5 13. Nde2 b5 14. cxb5 axb5 15.
Bb2 b4 16. Na4 Qc7 17. Nf4 Ne5 18. Rc1 Ba6 19. Bxe5 Rxe5 20. Nd3 Bxd3 21. Qxd3
Nd7 22. Kh2 Re6 23. f4 Rbe8 24. Red1 Nb8 25. Qb5 Nc6 26. e5 Na7 27. Qc4 dxe5
28. Nxc5 Rd6 29. Rxd6 Qxd6 30. Ne4 Qe7 31. fxe5 Rc8 32. Qf1 Bxe5 33. Rxc8+ Nxc8
34. Qc4 Nb6 35. Qc6 Nd7 36. Qd5 h5 37. Kg1 Kg7 38. g4 hxg4 39. hxg4 Bc7 40. g5
Bb6+ 41. Kh2 Ne5 42. Qd6 Ng4+ 43. Kh3 Nf2+ 44. Kh4 Qxd6 45. Nxd6 Nd3 46. Be4
Nc1 47. Bb1 Ne2 48. Ne4 1/2-1/2

[Event "Russian Championship B17 2016"]
[Site "Loo"]
[Date "2016.04.26"]
[Round "7.17"]
[White "Mestnikov, Aisen"]
[Black "Scherbakov, Mikhail"]
[Result "0-1"]
[WhiteElo "2190"]
[BlackElo "2139"]
[PlyCount "78"]
[EventDate "2016.04.20"]

1. d4 Nf6 2. c4 e5 3. d5 c5 4. Nc3 d6 5. e4 g6 6. h3 Bg7 7. Be2 O-O 8. g4 Ne8
9. g5 f5 10. gxf6 Bxf6 11. Nf3 Ng7 12. Bh6 Rf7 13. Qd2 Na6 14. O-O-O Nc7 15.
Ng5 Bxg5 16. Bxg5 Qe8 17. Rdf1 Bd7 18. h4 b5 19. h5 Nxh5 20. Bxh5 gxh5 21. Rhg1
Rg7 22. Ne2 Bh3 23. Bf6 Rg6 24. Rxg6+ Qxg6 25. Rg1 Bg4 26. Bh4 Rf8 27. Ng3 bxc4
28. Be7 Rf4 29. Nf5 Ne8 30. Bxd6 Kf7 31. Bxc5 Rxe4 32. f3 Qxf5 33. fxe4 Qxe4
34. d6 Nf6 35. Re1 Qf5 36. Qe3 Nd7 37. Qe4 Kg7 38. Be3 Qf3 39. Bxa7 Qf6 {
запись неразбор~~ива} 0-1

[Event "Russian Championship B17 2016"]
[Site "Loo"]
[Date "2016.04.26"]
[Round "7.18"]
[White "Mestnikov, Aital"]
[Black "Obgolts, Erik"]
[Result "0-1"]
[WhiteElo "2063"]
[BlackElo "2172"]
[PlyCount "76"]
[EventDate "2016.04.20"]

1. d4 Nf6 2. c4 g6 3. Nc3 Bg7 4. e4 d6 5. h3 O-O 6. Nf3 e5 7. d5 Nh5 8. g3 f5
9. exf5 gxf5 10. Nh4 Nf4 11. Qc2 Na6 12. Be3 c6 13. Rg1 Ng6 14. Nxg6 hxg6 15.
a3 cxd5 16. Nxd5 Be6 17. O-O-O Rc8 18. g4 b5 19. Kb1 f4 20. Bxa7 Qe8 21. Nc3 b4
22. Nb5 bxa3 23. Nxd6 Qc6 24. Qxg6 Rf6 25. Qe4 Qxe4+ 26. Nxe4 Rf7 27. Nd6 Rd8
28. Bb6 Rb8 29. Nxf7 Rxb6 30. Ng5 Rxb2+ 31. Kc1 Nc5 32. Rd8+ Bf8 33. Bd3 Nxd3+
34. Rxd3 Bxc4 35. Rd8 Bb3 36. Rb8 Rxf2 37. Rxb3 a2 38. Rb1 Ba3+ 0-1

[Event "Russian Championship B17 2016"]
[Site "Loo"]
[Date "2016.04.26"]
[Round "7.19"]
[White "Yashmetov, Mikhail"]
[Black "Gagarin, Sergey"]
[Result "1-0"]
[WhiteElo "2212"]
[BlackElo "1997"]
[PlyCount "79"]
[EventDate "2016.04.20"]

1. d4 Nf6 2. c4 e6 3. g3 Bb4+ 4. Bd2 Qe7 5. Nf3 Nc6 6. Bg2 Bxd2+ 7. Qxd2 Ne4 8.
Qc2 Qb4+ 9. Kf1 d5 10. e3 Qxc4+ 11. Qxc4 dxc4 12. Nbd2 Nxd2+ 13. Nxd2 Na5 14.
Rc1 Bd7 15. Ke1 Bb5 16. a4 Bxa4 17. Ra1 Bc6 18. d5 Bxd5 19. Bxd5 exd5 20. Rxa5
c6 21. Ke2 Kd7 22. Rha1 a6 23. e4 Rhe8 24. Kf3 Ke6 25. Kf4 Rad8 26. Nf3 Kd6 27.
exd5 cxd5 28. Rd1 Re4+ 29. Kf5 g6+ 30. Kf6 Re6+ 31. Kg7 b5 32. Rxa6+ Kc5 33.
Rxe6 fxe6 34. Nd4 Rd7+ 35. Kf6 e5 36. Kxe5 Re7+ 37. Ne6+ Rxe6+ 38. Kxe6 d4 39.
Ke5 c3 40. Ke4 1-0

[Event "Russian Championship B17 2016"]
[Site "Loo"]
[Date "2016.04.26"]
[Round "7.20"]
[White "Gunchenko, Vadim"]
[Black "Galiullin, Mikhail"]
[Result "1-0"]
[WhiteElo "2263"]
[BlackElo "2164"]
[PlyCount "105"]
[EventDate "2016.04.20"]

1. d4 Nf6 2. c4 g6 3. Nc3 Bg7 4. e4 d6 5. Nf3 O-O 6. h3 e5 7. d5 Nh5 8. Nh2 Qe8
9. Be2 Nf4 10. Bf3 f5 11. g3 Nxh3 12. Bg2 fxe4 13. Be3 Qe7 14. Qd2 g5 15. Qc2
Na6 16. Nxe4 h6 17. f3 Bf5 18. Ng4 Nf4 19. Nxh6+ Bxh6 20. Rxh6 Qg7 21. Rh2 Nb4
22. Qb3 Nbd3+ 23. Kd2 Nxg2 24. Qxd3 Nxe3 25. Qxe3 Bxe4 26. Qxe4 Rf7 27. Rah1
Raf8 28. Rh6 Rf6 29. Rh7 Qg6 30. Rh8+ Kf7 31. R1h7+ Ke8 32. Qxg6+ Rxg6 33.
Rxf8+ Kxf8 34. Rxc7 g4 35. Ke3 gxf3 36. Kxf3 Rf6+ 37. Ke4 Rg6 38. Rxb7 Rxg3 39.
Rxa7 Rg4+ 40. Kd3 Rg3+ 41. Kc2 Rg2+ 42. Kc3 Rg3+ 43. Kb4 e4 44. Ra3 Rf3 45.
Ra8+ Ke7 46. Rh8 Rf2 47. Kc3 Kd7 48. Rh7+ Kc8 49. Rh3 Re2 50. a3 Kc7 51. b4 Ra2
52. Kd4 Rc2 53. Re3 1-0

[Event "Russian Championship B17 2016"]
[Site "Loo"]
[Date "2016.04.26"]
[Round "7.21"]
[White "Chilingaryan, Pavel"]
[Black "Radzhabov, Rodion"]
[Result "1/2-1/2"]
[WhiteElo "2125"]
[BlackElo "2172"]
[PlyCount "80"]
[EventDate "2016.04.20"]

1. Nf3 d5 2. g3 Nf6 3. Bg2 c6 4. O-O Bg4 5. c4 e6 6. d3 Nbd7 7. cxd5 exd5 8. h3
Bxf3 9. Bxf3 Bd6 10. Nc3 O-O 11. e4 dxe4 12. dxe4 Qc7 13. Bg2 Rad8 14. Qc2 Rfe8
15. Be3 Bc5 16. Bxc5 Nxc5 17. Rad1 Ne6 18. f4 Qb6+ 19. Kh2 Nc7 20. Rd2 Rxd2 21.
Qxd2 Ne6 22. e5 Rd8 23. Qf2 Qxf2 24. Rxf2 Ne8 25. Ne4 b6 26. b4 Rd4 27. a3 Rd3
28. Rc2 Nd8 29. Rd2 Rxd2 30. Nxd2 Kf8 31. Kg1 Ke7 32. Kf2 f6 33. exf6+ Nxf6 34.
Ke3 Ne6 35. Nf3 Kd6 36. Nd4 g6 37. Kd3 Nh5 38. Ne2 Nf6 39. Nd4 Nh5 40. Ne2 Nf6
1/2-1/2

[Event "Russian Championship B17 2016"]
[Site "Loo"]
[Date "2016.04.26"]
[Round "7.22"]
[White "Lushnikov, Sergey"]
[Black "Neznanov, Aleksandr"]
[Result "1-0"]
[WhiteElo "1953"]
[BlackElo "2085"]
[PlyCount "139"]
[EventDate "2016.04.20"]

1. e4 c5 2. Nf3 e6 3. d4 cxd4 4. Nxd4 Nf6 5. Nc3 d6 6. Be3 a6 7. f3 Nc6 8. Qd2
Be7 9. O-O-O O-O 10. g4 Qc7 11. Kb1 Nxd4 12. Bxd4 Nd7 13. f4 b5 14. f5 Bb7 15.
Rg1 b4 16. Na4 Bxe4 17. Bd3 Bxd3 18. Qxd3 e5 19. Be3 Nc5 20. Nxc5 dxc5 21. Qc4
Qc6 22. Rd5 Rad8 23. Rgd1 Rxd5 24. Rxd5 Rc8 25. b3 h6 26. Qe4 f6 27. Qc4 Kf8
28. h4 Ke8 29. g5 hxg5 30. hxg5 fxg5 31. Rxe5 Kf8 32. Qg4 Qh1+ 33. Bc1 Bf6 34.
Re3 Qh4 35. Re4 Re8 36. Rxe8+ Kxe8 37. Qe2+ Kf8 38. Qxa6 Qd4 39. Qc8+ Bd8 40.
Bxg5 Qd1+ 41. Kb2 Qd4+ 42. Kb1 Qg1+ 43. Bc1 Ke8 44. Qe6+ Be7 45. Qg8+ Kd7 46.
Qd5+ Kc7 47. Qe5+ Bd6 48. Qe4 Kd7 49. Qb7+ Bc7 50. Qd5+ Bd6 51. Qb7+ Kd8 52.
Qd5 Kc7 53. Qf7+ Kc6 54. Qe8+ Kb6 55. Qe6 Kc7 56. Qf7+ Kd8 57. Qg8+ Kd7 58. f6
Be5 59. Qd5+ Bd6 60. Qf7+ Kc6 61. fxg7 Bf4 62. Qxf4 Qxg7 63. Qe4+ Kb6 64. Qe6+
Kb5 65. a4+ bxa3 66. Bxa3 Qg1+ 67. Ka2 Qf2 68. Qc4+ Kb6 69. Qxc5+ Qxc5 70.
Bxc5+ 1-0

[Event "Russian Championship B17 2016"]
[Site "Loo"]
[Date "2016.04.26"]
[Round "7.23"]
[White "Bubnov, Kirill"]
[Black "Shoshin, Boris"]
[Result "1-0"]
[WhiteElo "2159"]
[BlackElo "2055"]
[PlyCount "93"]
[EventDate "2016.04.20"]

1. d4 d5 2. c4 c6 3. Nc3 Nf6 4. Nf3 a6 5. c5 Nbd7 6. e3 g6 7. Be2 Bg7 8. O-O
O-O 9. a4 Re8 10. b4 e5 11. dxe5 Ng4 12. Nd4 Ngxe5 13. a5 Nf6 14. Na4 Bg4 15.
f3 Be6 16. Nb6 Rb8 17. Ra3 Qc7 18. Bb2 Re7 19. f4 Ned7 20. g4 Nxb6 21. Nxe6
Rxe6 22. Be5 Rxe5 23. axb6 Qe7 24. fxe5 Ne4 25. Bf3 Bxe5 26. Bxe4 dxe4 27. Qb3
Rd8 28. Qc2 Qe6 29. Qe2 Qd5 30. h4 Kg7 31. g5 Bg3 32. Qg4 Be5 33. Qg2 Qc4 34.
h5 Qxb4 35. h6+ Kf8 36. Qa2 Rd5 37. Ra4 Qxc5 38. Rxe4 Qd6 39. Qf2 Qd7 40. Qf3
Bc3 41. Qf4 Rd6 42. Rc4 Ba5 43. Qe5 Bxb6 44. Qg7+ Ke8 45. Qg8+ Ke7 46. Rxf7+
Ke6 47. Rxd7+ 1-0

[Event "Russian Championship B17 2016"]
[Site "Loo"]
[Date "2016.04.26"]
[Round "7.24"]
[White "Shandrygin, Nikita"]
[Black "Pryalukhin, Danila"]
[Result "1/2-1/2"]
[WhiteElo "2334"]
[BlackElo "2011"]
[PlyCount "164"]
[EventDate "2016.04.20"]

1. e4 c5 2. Nf3 d6 3. d4 cxd4 4. Nxd4 Nf6 5. Nc3 a6 6. h3 e6 7. g4 h6 8. Bg2 g5
9. Be3 Nbd7 10. Qe2 Ne5 11. f4 gxf4 12. Bxf4 Bd7 13. Nf3 Qa5 14. Rf1 Bb5 15.
Qf2 Bxf1 16. Bxf1 Nxe4 17. Qe3 Nxf3+ 18. Qxf3 Nxc3 19. bxc3 Bg7 20. Bd2 Qc7 21.
Rb1 d5 22. Rb3 b5 23. Bd3 Rc8 24. Kd1 Qd6 25. h4 Qh2 26. Be1 Qc7 27. Bd2 Qb6
28. Qg2 Qc5 29. Be1 Bf6 30. Qf3 Qe7 31. Qh3 e5 32. g5 Rd8 33. gxf6 Qxf6 34. Qg4
e4 35. Be2 Kf8 36. Qg1 Rg8 37. Qc5+ Kg7 38. Rb4 Kh7 39. Rd4 Qe6 40. Qc7 Qf5 41.
Bg3 Rd7 42. Qf4 Qh3 43. Bf2 Qxc3 44. Qf5+ Kh8 45. Qxd7 e3 46. Bxe3 Qxe3 47. Rg4
Re8 48. Rg2 Qd4+ 49. Ke1 Qxh4+ 50. Kf1 Rg8 51. Rxg8+ Kxg8 52. Qxd5 Qf6+ 53. Kg1
Qa1+ 54. Kg2 Qc1 55. Bd3 Qd2+ 56. Kf3 Qa5 57. Ke4 Qb6 58. Ke5 Kg7 59. Qd4 Qe6+
60. Kf4+ Kg8 61. a3 Qe7 62. a4 bxa4 63. Kf3 a3 64. Bc4 a5 65. Qd5 Qc7 66. Ke4
Kg7 67. Qd4+ Kg8 68. Qd5 Kg7 69. c3 h5 70. Qg5+ Kf8 71. Qh6+ Ke7 72. Qg5+ Kf8
73. Kd3 Qd6+ 74. Kc2 Qh2+ 75. Qd2 Qxd2+ 76. Kxd2 f5 77. Kc2 Ke7 78. Kb3 Kd6 79.
Kxa3 f4 80. Ka4 Kc5 81. Bf1 f3 82. Kxa5 h4 1/2-1/2

[Event "Russian Championship B17 2016"]
[Site "Loo"]
[Date "2016.04.26"]
[Round "7.25"]
[White "Klimentov, Evgeny"]
[Black "Akhtemov, Mustafa"]
[Result "1-0"]
[WhiteElo "2274"]
[BlackElo "1880"]
[PlyCount "89"]
[EventDate "2016.04.20"]

1. e4 e6 2. d4 d5 3. Nd2 Nf6 4. e5 Nfd7 5. Bd3 c5 6. c3 Nc6 7. Ne2 cxd4 8. cxd4
f6 9. exf6 Qxf6 10. Nf3 h6 11. O-O Bd6 12. Be3 O-O 13. Bc2 Rd8 14. Qd2 Nf8 15.
Bf4 Kh8 16. Bxd6 Rxd6 17. Qe3 Bd7 18. Nf4 Be8 19. Ne5 Rdd8 20. Nxc6 Bxc6 21.
Rfe1 Rd7 22. Nd3 Rc7 23. Ne5 Be8 24. Bd3 Rac8 25. g3 a6 26. a4 Re7 27. f4 Bg6
28. Nxg6+ Nxg6 29. Re2 Rec7 30. Rae1 Rc6 31. Rf1 Ne7 32. g4 g6 33. Rf3 Rf8 34.
Kg2 Kg7 35. Kg3 h5 36. h3 Rh8 37. Qe5 hxg4 38. hxg4 Kf7 39. Qxf6+ Kxf6 40. Re1
Rb6 41. Rfe3 Re8 42. a5 Rd6 43. Rh1 Nc6 44. Rh7 Re7 45. g5# 1-0

[Event "Russian Championship B17 2016"]
[Site "Loo"]
[Date "2016.04.26"]
[Round "7.26"]
[White "Bogdanov, Nikita"]
[Black "Selivanov, Ivan"]
[Result "0-1"]
[WhiteElo "2025"]
[BlackElo "2194"]
[PlyCount "58"]
[EventDate "2016.04.20"]

1. d4 Nf6 2. Nf3 c5 3. g3 cxd4 4. Nxd4 e5 5. Nb3 d5 6. Bg2 Nc6 7. O-O Be7 8.
Bg5 Be6 9. Nc3 d4 10. Bxf6 gxf6 11. Ne4 Qb6 12. Qd2 Rg8 13. Qc1 f5 14. Ned2 a5
15. Qd1 a4 16. Nc1 e4 17. b3 h5 18. bxa4 h4 19. Ncb3 hxg3 20. hxg3 Bd6 21. Qe1
e3 22. fxe3 Bxg3 23. Qc1 dxe3 24. Nf3 Bf2+ 25. Rxf2 exf2+ 26. Kf1 Rxa4 27. Nbd4
Nxd4 28. Qf4 Rc4 29. Ne5 Nxe2 0-1

[Event "Russian Championship B17 2016"]
[Site "Loo"]
[Date "2016.04.26"]
[Round "7.27"]
[White "Isayev, Maksym"]
[Black "Piskun, Denis"]
[Result "1/2-1/2"]
[WhiteElo "2059"]
[BlackElo "1689"]
[PlyCount "80"]
[EventDate "2016.04.20"]

1. d4 Nf6 2. c4 g6 3. Nc3 d5 4. Bg5 Ne4 5. Bh4 g5 6. Bg3 Bg7 7. cxd5 Nxc3 8.
bxc3 Qxd5 9. Qb3 Qa5 10. e3 Be6 11. Bc4 Bxc4 12. Qxc4 c5 13. Nf3 cxd4 14. Qc8+
Qd8 15. Qxb7 Nd7 16. Nxd4 O-O 17. O-O Nc5 18. Qb5 Rc8 19. Rac1 Ne4 20. Qb4 Qd5
21. c4 Qd7 22. Rfd1 Rfd8 23. Qb3 Nc5 24. Qc2 Qa4 25. Nb3 Rxd1+ 26. Qxd1 Bb2 27.
Rb1 Qxa2 28. Nxc5 Rxc5 29. h4 Rxc4 30. hxg5 Rc8 31. Qd3 Qxb1+ 32. Qxb1 Rc1+ 33.
Qxc1 Bxc1 34. Kf1 Kf8 35. Be5 Ba3 36. Ke2 Ke8 37. Kd3 Kd7 38. Kc4 Kc6 39. Bd4
a6 40. Bc3 Bc5 1/2-1/2

[Event "Russian Championship B17 2016"]
[Site "Loo"]
[Date "2016.04.26"]
[Round "7.29"]
[White "Prokopov, Nikita"]
[Black "Mukuk, Osman"]
[Result "1-0"]
[WhiteElo "1682"]
[BlackElo "1712"]
[PlyCount "103"]
[EventDate "2016.04.20"]

1. e4 d6 2. d4 g6 3. Nf3 Nf6 4. Nc3 Bg7 5. Bc4 O-O 6. O-O Nc6 7. h3 e5 8. dxe5
dxe5 9. Bg5 h6 10. Qxd8 Nxd8 11. Bxf6 Bxf6 12. Nd5 Bg7 13. Nxc7 Rb8 14. Rad1 a6
15. Nd5 b5 16. Bb3 Nc6 17. c3 Kh8 18. Bc2 Be6 19. a3 Rb7 20. Rd2 Na5 21. Rb1
Nc4 22. Rdd1 Rd8 23. Ne3 Rxd1+ 24. Bxd1 Nxe3 25. fxe3 g5 26. Bc2 Rd7 27. Rd1
Rxd1+ 28. Bxd1 f6 29. Nd2 Bf8 30. Bb3 Bd7 31. Bd5 a5 32. Kf2 Kg7 33. Ke2 Bc5
34. b4 axb4 35. axb4 Bd6 36. Nb3 Be8 37. Na5 Bc7 38. Bc6 Bxa5 39. Bxe8 Bb6 40.
g4 Kf8 41. Bxb5 Ke7 42. c4 Kd8 43. c5 Ba7 44. Kd3 Ke7 45. Kc4 Ke6 46. Bc6 Bb8
47. b5 Ke7 48. b6 f5 49. exf5 e4 50. Bxe4 Bg3 51. c6 Kd8 52. Bd5 1-0

[Event "Russian Championship B19 2016"]
[Site "Loo"]
[Date "2016.04.26"]
[Round "7.1"]
[White "Vavulin, Maksim"]
[Black "Kozionov, Kirill"]
[Result "0-1"]
[WhiteElo "2474"]
[BlackElo "2423"]
[PlyCount "160"]
[EventDate "2016.04.20"]

1. e4 c5 2. Nf3 e6 3. b3 b6 4. Bb2 Bb7 5. Qe2 a6 6. g3 Nc6 7. Bg2 Qc7 8. c4
Nge7 9. Na3 e5 10. Nc2 g6 11. Ne3 Bg7 12. Nd5 Qd8 13. h4 h6 14. h5 g5 15. Bh3
d6 16. d3 b5 17. Ne3 Qb6 18. O-O Nd8 19. Nh2 Rg8 20. Qf3 Rf8 21. Bc3 b4 22. Bb2
a5 23. a3 a4 24. bxa4 Rxa4 25. axb4 Rxb4 26. Bc3 Ne6 27. Bxb4 cxb4 28. Nd5 Nxd5
29. cxd5 Nd4 30. Qd1 f5 31. Bg2 Ke7 32. Nf3 Nb5 33. Nd2 Nc3 34. Qe1 f4 35. Kh2
g4 36. f3 gxf3 37. Nxf3 Qe3 38. Qxe3 fxe3 39. Rfe1 e2 40. Ra7 Rb8 41. Ng1 Bf6
42. Nxe2 Bg5 43. Nxc3 bxc3 44. Ra2 Ra8 45. Rc2 Bd2 46. Rd1 Ra3 47. Rdxd2 cxd2
48. Rxd2 Ra1 49. Bh3 Ba6 50. Be6 Ra3 51. d4 exd4 52. Rxd4 Ra2+ 53. Kg1 Be2 54.
g4 Kf6 55. Rb4 Bf3 56. Bf5 Ke5 57. Rb3 Kf4 58. Kf1 Kg3 59. e5 dxe5 60. Be4 Ra1+
61. Rb1 Rxb1+ 62. Bxb1 Kxg4 63. Ba2 Kf5 64. d6 Kf6 65. d7 Ke7 66. Bf7 Kxd7 67.
Kf2 Bc6 68. Ke3 Ke7 69. Bg6 Kf6 70. Kf2 Bd5 71. Bc2 Kg5 72. Bg6 Kf4 73. Bd3 Bf3
74. Bg6 e4 75. Bf7 e3+ 76. Ke1 Kg5 77. Be8 Bxh5 78. Bxh5 Kxh5 79. Ke2 Kg4 80.
Kxe3 Kg3 0-1

[Event "Russian Championship B19 2016"]
[Site "Loo"]
[Date "2016.04.26"]
[Round "7.2"]
[White "Anikonov, Dmitry"]
[Black "Zakaryan, David"]
[Result "1-0"]
[WhiteElo "2387"]
[BlackElo "2342"]
[PlyCount "95"]
[EventDate "2016.04.20"]

1. d4 Nf6 2. c4 g6 3. f3 Nc6 4. e4 e5 5. Ne2 exd4 6. Nxd4 Bg7 7. Be3 Nxe4 8.
fxe4 Nxd4 9. Bxd4 Qh4+ 10. Bf2 Qxe4+ 11. Be2 Bxb2 12. Nd2 Qxg2 13. Bf3 Qg5 14.
Qe2+ Kd8 15. Rb1 Bc3 16. Kd1 Qxd2+ 17. Qxd2 Bxd2 18. Kxd2 d6 19. Bh4+ Kd7 20.
Rhe1 Re8 21. Bd5 h6 22. Bf6 c6 23. Bxf7 Rxe1 24. Rxe1 Kc7 25. Re7+ Kb6 26. Re8
Ka6 27. Bxg6 b5 28. cxb5+ Kxb5 29. Bg7 d5 30. Bd3+ Kb6 31. Bxh6 c5 32. Bf5 Bb7
33. Rxa8 Bxa8 34. h4 d4 35. Bg7 Bd5 36. a3 Kb5 37. Kc2 Bf7 38. Bg4 Bg6+ 39. Kb2
Kc4 40. h5 Bh7 41. Be6+ Kd3 42. Bf7 Ke3 43. Bg6 Bg8 44. h6 c4 45. h7 Bxh7 46.
Bxh7 d3 47. Kc3 Ke2 48. Bh6 1-0

[Event "Russian Championship B19 2016"]
[Site "Loo"]
[Date "2016.04.26"]
[Round "7.3"]
[White "Ivlev, Aleksey"]
[Black "Khanin, Semen"]
[Result "0-1"]
[WhiteElo "2302"]
[BlackElo "2396"]
[PlyCount "85"]
[EventDate "2016.04.20"]

1. d4 Nf6 2. c4 g6 3. Nf3 Bg7 4. g3 O-O 5. Bg2 d6 6. O-O Nbd7 7. Nc3 e5 8. h3
exd4 9. Nxd4 Re8 10. e4 Nc5 11. Re1 Bd7 12. Rb1 h6 13. b4 Ne6 14. Nb3 Ng5 15.
Bxg5 hxg5 16. e5 Nh5 17. Na5 Bxe5 18. Nxb7 Qc8 19. Ne4 Bxh3 20. Bxh3 Qxh3 21.
Nxg5 Qf5 22. Ne4 Re6 23. Rb3 Rae8 24. Rbe3 Nf6 25. Nxf6+ Qxf6 26. R1e2 Bxg3 27.
Rxe6 Rxe6 28. Qd3 Bh4 29. Na5 Re5 30. Nb3 Qf4 31. Kf1 Rf5 32. Qc3 Bf6 33. Qd3
Qh4 34. Ke1 Qh1+ 35. Kd2 Kg7 36. Nd4 Rf4 37. Nc2 Qh4 38. Qe3 Rxc4 39. Qxa7 Bc3+
40. Kd3 Bxb4 41. Nxb4 Rxb4 42. Qa3 Qd4+ 43. Kc2 0-1

[Event "Russian Championship B19 2016"]
[Site "Loo"]
[Date "2016.04.26"]
[Round "7.4"]
[White "Shapiro, David"]
[Black "Drygalov, Sergey"]
[Result "1/2-1/2"]
[WhiteElo "2230"]
[BlackElo "2372"]
[PlyCount "81"]
[EventDate "2016.04.20"]

1. d4 Nf6 2. c4 e6 3. Nf3 b6 4. g3 Ba6 5. b3 Bb4+ 6. Bd2 Be7 7. Bg2 c6 8. O-O
d5 9. Ne5 Nfd7 10. cxd5 cxd5 11. Re1 Nxe5 12. dxe5 Nc6 13. Bc3 Rc8 14. e3 O-O
15. a3 Qc7 16. f4 Rfd8 17. Ra2 d4 18. exd4 Nxd4 19. Rd2 Nf5 20. Bb4 h6 21.
Rxd8+ Rxd8 22. Qc1 Qd7 23. Bxe7 Qxe7 24. Rd1 Qc5+ 25. Kh1 Rd3 26. Qxc5 Rxd1+
27. Qg1 Rxg1+ 28. Kxg1 Nd4 29. Nd2 Bd3 30. Bf1 Bc2 31. b4 g5 32. Kf2 gxf4 33.
gxf4 Kg7 34. Nc4 Bb3 35. Nd6 a5 36. Nc8 axb4 37. axb4 b5 38. Nd6 Nc6 39. Bxb5
Nxb4 40. f5 exf5 41. Nxf5+ 1/2-1/2

[Event "Russian Championship B19 2016"]
[Site "Loo"]
[Date "2016.04.26"]
[Round "7.5"]
[White "Murtazin, Bulat"]
[Black "Yeletsky, Ivan"]
[Result "1-0"]
[WhiteElo "2319"]
[BlackElo "2344"]
[PlyCount "95"]
[EventDate "2016.04.20"]

1. d4 d5 2. Bf4 c5 3. e3 Nc6 4. c3 Nf6 5. Nd2 e6 6. Ngf3 Bd6 7. Bg3 O-O 8. Bd3
Ne7 9. Qe2 cxd4 10. exd4 b6 11. O-O Bb7 12. Bxd6 Qxd6 13. Ne5 Qd8 14. f4 Nc8
15. Rf3 Nd6 16. Rh3 g6 17. Rf1 Nfe4 18. Nxe4 dxe4 19. Ba6 Bxa6 20. Qxa6 Qc8 21.
Qe2 f6 22. Ng4 Kg7 23. Qe1 Qa6 24. b3 Qxa2 25. Ne3 Qxb3 26. g4 Nf7 27. Qa1 b5
28. g5 fxg5 29. d5 Qa4 30. Qb2 gxf4 31. Ra1 Ng5 32. Rxa4 bxa4 33. c4+ Kg8 34.
Ng4 Nxh3+ 35. Kg2 h5 36. Nf6+ Kf7 37. Nd7 Ng5 38. Qf6+ Kg8 39. Nxf8 Rxf8 40.
Qxg5 exd5 41. Qxg6+ Kh8 42. Qxh5+ Kg7 43. Qe5+ Kf7 44. Qxd5+ Kg7 45. Qxe4 Rf6
46. Kf3 a3 47. Qe7+ Rf7 48. Qxa3 1-0

[Event "Russian Championship B19 2016"]
[Site "Loo"]
[Date "2016.04.26"]
[Round "7.6"]
[White "Najdin, Danil"]
[Black "Kuzmin, Egor"]
[Result "0-1"]
[WhiteElo "2305"]
[BlackElo "2242"]
[PlyCount "102"]
[EventDate "2016.04.20"]

1. e4 c5 2. Nf3 d6 3. Bb5+ Nd7 4. d4 cxd4 5. Qxd4 a6 6. Bc4 Ngf6 7. a4 e5 8.
Qe3 Qc7 9. Qe2 Be7 10. Nc3 O-O 11. O-O b6 12. Rd1 Bb7 13. Bg5 Rfc8 14. Nd2 h6
15. Bxf6 Nxf6 16. b3 Qc5 17. Nf1 b5 18. Nd5 Bxd5 19. Bxd5 Nxd5 20. Rxd5 Qc3 21.
Rdd1 bxa4 22. Ne3 Bg5 23. Rxa4 Bxe3 24. fxe3 Qxc2 25. Qxc2 Rxc2 26. Rxd6 Rb8
27. Rc4 Re2 28. Rc3 a5 29. Rd5 a4 30. Kf1 Ra2 31. Rdd3 a3 32. b4 Rxb4 33. Rb3
Ra4 34. h4 Ra6 35. h5 Ra8 36. Kg1 Kh7 37. Kh2 Ra4 38. Kg3 Ra8 39. Kh2 Ra1 40.
Rdc3 Ra4 41. Kg3 a2 42. Ra3 Rxa3 43. Rxa3 Re1 44. Rxa2 Rxe3+ 45. Kg4 Rxe4+ 46.
Kf5 Re1 47. Ra7 f6 48. Ra4 Rg1 49. Ra2 Rf1+ 50. Ke6 Rf4 51. Kf7 Rh4 0-1

[Event "Russian Championship B19 2016"]
[Site "Loo"]
[Date "2016.04.26"]
[Round "7.7"]
[White "Timerkhanov, Alexander"]
[Black "Mikheev, Aleksey"]
[Result "1-0"]
[WhiteElo "2260"]
[BlackElo "2268"]
[PlyCount "57"]
[EventDate "2016.04.20"]

1. d4 Nf6 2. Bg5 Ne4 3. Bf4 c5 4. f3 Qa5+ 5. c3 Nf6 6. d5 Qb6 7. e4 Qxb2 8. Nd2
Qxc3 9. Bc7 d6 10. Rb1 Qe3+ 11. Ne2 Na6 12. Nc4 Qh6 13. Ba5 Nd7 14. Bd2 Qh4+
15. g3 Qf6 16. Kf2 e5 17. dxe6 fxe6 18. Bc3 Qe7 19. Nf4 Nc7 20. e5 dxe5 21.
Nxe5 Qd6 22. Qe1 Nf6 23. Rd1 Nfd5 24. Nxd5 Nxd5 25. Bb5+ Ke7 26. Qd2 Qb6 27.
Qg5+ Nf6 28. a4 a6 29. Nd7 1-0

[Event "Russian Championship B19 2016"]
[Site "Loo"]
[Date "2016.04.26"]
[Round "7.8"]
[White "Mingazov, Almaz"]
[Black "Aleksandrovskiy, Dmitriy"]
[Result "1/2-1/2"]
[WhiteElo "2181"]
[BlackElo "2252"]
[PlyCount "117"]
[EventDate "2016.04.20"]

1. d4 d5 2. Nf3 Nf6 3. c4 dxc4 4. Qa4+ Nbd7 5. g3 a6 6. Qxc4 b5 7. Qc2 Bb7 8.
Bg2 e6 9. O-O c5 10. a4 cxd4 11. Nxd4 Bxg2 12. Kxg2 Bc5 13. Nb3 Be7 14. Qc6 O-O
15. Rd1 bxa4 16. Qxa4 Qc7 17. Nc3 Rfc8 18. Bf4 Qb7+ 19. f3 Nb6 20. Qa2 Nbd5 21.
Bd2 Rab8 22. Nd4 Qb6 23. Bg5 Rxc3 24. bxc3 Nxc3 25. Qc4 Nxd1 26. Rxd1 Nd5 27.
Bd2 Bf6 28. Nc6 Rc8 29. Rc1 Kh8 30. Qa4 h6 31. e4 Nc3 32. Bxc3 Qxc6 33. Qxc6
Rxc6 34. Bd2 Rxc1 35. Bxc1 Be7 36. Bd2 Kh7 37. Kf2 e5 38. Ke2 Kg6 39. Bc3 Kf6
40. Kd3 Ke6 41. Kc4 g6 42. h3 f6 43. Bd2 h5 44. g4 Kd6 45. Bb4+ Kd7 46. Ba5 Kc6
47. Bc3 hxg4 48. hxg4 Bc5 49. Ba5 Bb6 50. Bb4 Bd8 51. Ba3 a5 52. Bf8 Bc7 53.
Be7 Bd6 54. Bxf6 a4 55. Bg5 Bc5 56. Bd2 a3 57. Kb3 Kb5 58. Bc1 Bd6 59. Bd2
1/2-1/2